Normal view
MARC view
- Zaman, Noor
Entry Personal Name
001 - CONTROL NUMBER
- control field: 120123
003 - CONTROL NUMBER IDENTIFIER
- control field: NUST
005 - DATE AND TIME OF LATEST TRANSACTION
- control field: 20240126155046.0
008 - FIXED-LENGTH DATA ELEMENTS
- fixed length control field: 240126|| aca||aabn | a|a d
040 ## - CATALOGING SOURCE
- Original cataloging agency: NUST
- Transcribing agency: NUST
100 ## - HEADING--PERSONAL NAME
- Personal name: Zaman, Noor
670 ## - SOURCE DATA FOUND
- Source citation: Work cat.: (NUST): Zaman, Noor, Vendor Behaviors Affecting Risk Taking Propensity in Product Management at Telenor/
